В центре внимания - центры нефтедобычи; Нефть России; № 3

Bibliografske podrobnosti
Parent link:Нефть России: аналитический журнал.— , 1996, 1999-2012
№ 3.— 2004.— С. 32-35
Glavni avtor: Григорьев М.
Jezik:ruščina
Izdano: 2004
Serija:Ресурсы
Teme:
Format: MixedMaterials Book Chapter
KOHA link:https://koha.lib.tpu.ru/cgi-bin/koha/opac-detail.pl?biblionumber=391308

MARC

LEADER 00000naa2a2200000 4500
001 391308
005 20231101064053.0
035 |a (RuTPU)RU\TPU\prd\25473 
090 |a 391308 
100 |a 20040420a2004 k y0rusy50 ca 
101 0 |a rus 
102 |a RU 
200 1 |a В центре внимания - центры нефтедобычи  |f М. Григорьев 
225 1 |a Ресурсы 
461 1 |0 (RuTPU)RU\TPU\prd\1610  |t Нефть России  |o аналитический журнал  |d 1996, 1999-2012 
463 1 |0 (RuTPU)RU\TPU\prd\24904  |t № 3  |v С. 32-35  |d 2004 
610 1 |a ресурсы 
610 1 |a Россия 
610 1 |a нефтедобыча 
610 1 |a анализ 
610 1 |a прогнозы 
610 1 |a нефтяные месторождения 
610 1 |a динамика разработки 
610 1 |a центры 
610 1 |a транспортная инфраструктура 
700 1 |a Григорьев  |b М. 
801 1 |a RU  |b 63413507  |c 20040420  |g PSBO 
801 2 |a RU  |b 63413507  |c 20130802  |g RCR 
942 |c BK